000 00416nam a2200181Ia 4500
001 2175
005 20260306143822.0
008 260306t1989||||xx |||||||||||||| ||spa||
041 _aESP
082 _a616
_bS79 T. 1
100 _aStein, Jay H.,
_eAUT
245 0 _aMedicina interna
260 _c1989
300 _axlvii, 1180 páginas :
_c27 cm.
650 _aGEN
654 _aCCS
942 _cLIB
_dJUS
_fJUS
_2ddc
_n
999 _c2175
_d2175